00710nam a2200217 i 4500001000400000100003200004245008000036260005700116300002100173650004700194650004200241700004300283020001500326040000800341041000800349920001800357942000700375008004100382999001700423952005200440bgj1 aMcCARTHY, Michaeld(1947- )10aEnglish Vocabulary in Use :badvanced /cMichael McCarthy, Felicity O'Dell. aCambridge (UK) :bCambridge University Press,c2003. a315 pp ;c25 cm. 9aEnglish languagexTextbooks for foreigners 9aVocabularyxProblems, excersises etc.1 aO'DELL, Felicityd(1947- ).eco-author a0521653975 cBPK0 aeng a0-521-65397-5 cKS s uk f |000 0 eng  c48560d48560 00104071aBPKbBPKcmhoKA 5832p09054028yKS